Dibujos de arquitectura y ornamentación de la Biblioteca Nacional. (Record no. 194804)

MARC details
000 -LEADER
campo de control de longitud fija 02608nam a2200529 i 4500
001 - NÚMERO DE CONTROL
campo de control 194804
003 - IDENTIFICADOR DE NÚMERO DE CONTROL
campo de control SpMaBN
005 - FECHA Y HORA DE LA ÚLTIMA TRANSACCIÓN
campo de control 20250815120751.0
007 - CAMPO FIJO DE DESCRIPCIÓN FÍSICA--INFORMACIÓN GENERAL
campo de control de longitud fija ta
008 - DATOS DE LONGITUD FIJA--INFORMACIÓN GENERAL
campo de control de longitud fija 240517s2018 sp a | ||||o001 0 spa
017 ## - NÚMERO DE COPYRIGHT O DE DEPÓSITO LEGAL
Número de copyright o de depósito legal B 3162-2018
Agencia que asigna Oficina Depósito Legal Barcelona
020 ## - NÚMERO INTERNACIONAL ESTÁNDAR DEL LIBRO
Número Internacional Estándar del Libro 9788492462483
Información calificativa BNE
-- obra completa
020 ## - NÚMERO INTERNACIONAL ESTÁNDAR DEL LIBRO
Número Internacional Estándar del Libro 9788460888277
Información calificativa Fundación Arquia
-- obra completa
020 ## - NÚMERO INTERNACIONAL ESTÁNDAR DEL LIBRO
Número Internacional Estándar del Libro 9788469792896
Información calificativa Fundación Arquia
-- v. 1
020 ## - NÚMERO INTERNACIONAL ESTÁNDAR DEL LIBRO
Número Internacional Estándar del Libro 9788469792902
Información calificativa Fundación Arquia
-- v. 2
024 7# - IDENTIFICADOR DE OTROS ESTÁNDARES
Número estándar o código NIPO 032-15-029-2
Fuente del número o código nipo
035 ## - NÚMERO DE CONTROL DEL SISTEMA
Número de control de sistema (OCoLC)1055859402
035 ## - NÚMERO DE CONTROL DEL SISTEMA
Número de control de sistema a6321280
040 ## - FUENTE DE CATALOGACIÓN
Centro catalogador/agencia de origen SpMaBN
Lengua de catalogación spa
Centro/agencia transcriptor SpMaBN
Normas de descripción rdc
Centro/agencia modificador ES-MaACL
080 ## - NÚMERO DE LA CLASIFICACIÓN DECIMAL UNIVERSAL
Número de la Clasificación Decimal Universal 016:72.012
080 ## - NÚMERO DE LA CLASIFICACIÓN DECIMAL UNIVERSAL
Número de la Clasificación Decimal Universal 017.1(460.271)
110 2# - ENTRADA PRINCIPAL--NOMBRE DE ENTIDAD CORPORATIVA
Nombre de entidad corporativa o nombre de jurisdicción como elemento de entrada Biblioteca Nacional de España
9 (RLIN) 234950
245 10 - MENCIÓN DEL TÍTULO
Título Dibujos de arquitectura y ornamentación de la Biblioteca Nacional.
Número de parte o sección de la obra Tomo III,
Nombre de parte o sección de la obra Siglo XIX /
Mención de responsabilidad, etc. [edición científica, Isabel Clara García-Toraño Martínez ; asesor científico, Pedro Navascués Palacio ; autores de los textos, Mercedes Águeda Villar ... et al.]
260 ## - PUBLICACIÓN, DISTRIBUCIÓN, ETC.
Lugar de publicación, distribución, etc. Barcelona :
Nombre del editor, distribuidor, etc. Fundación Arquia ;
Lugar de publicación, distribución, etc. Madrid :
Nombre del editor, distribuidor, etc. Biblioteca Nacional de España,
Fecha de publicación, distribución, etc. D.L. 2018.
300 ## - DESCRIPCIÓN FÍSICA
Extensión 2 v. (483, 291 p.) :
Otras características físicas principalmente il. col. ;
Dimensiones 22 x 24 cm
336 ## - TIPO DE CONTENIDO
Término de tipo de contenido Imagen (fija ; bidimensional ; visual)
-- Texto (visual)
Fuente isbdcontent
337 ## - TIPO DE MEDIO
Nombre/término del tipo de medio sin mediación
Fuente isbdmedia
338 ## - TIPO DE SOPORTE
Fuente rdacarrier
Nombre/término del tipo de soporte volumen
490 1# - MENCIÓN DE SERIE
Mención de serie Colección Arquia/temas ;
Designación de volumen o secuencia n. 41
500 ## - NOTA GENERAL
Nota general Catalogación provisional. Signatura: N 8642 y N 8643. Depósito J.
504 ## - NOTA DE BIBLIOGRAFÍA, ETC.
Nota de bibliografía, etc. Incluye referencias bibliográficas e índices
650 #0 - PUNTO DE ACCESO ADICIONAL DE MATERIA--TÉRMINO DE MATERIA
Término de materia o nombre geográfico como elemento de entrada Dibujo de arquitectura-
Subdivisión geográfica Biblioteca Nacional de España-
Subdivisión de forma Catálogos
9 (RLIN) 236443
650 #0 - PUNTO DE ACCESO ADICIONAL DE MATERIA--TÉRMINO DE MATERIA
Término de materia o nombre geográfico como elemento de entrada Dibujo-
Subdivisión cronológica S.XIX-
Subdivisión geográfica Biblioteca Nacional de España-
Subdivisión de forma Catálogos
9 (RLIN) 236444
655 #7 - TERMINO DE INDIZACIÓN--GENERO/FORMA
Datos o término principal de género/forma Catálogos de exposiciones
Fuente del término tgfbne
9 (RLIN) 193628
700 1# - ENTRADA AGREGADA--NOMBRE PERSONAL
Nombre de persona García-Toraño Martínez, Isabel Clara
9 (RLIN) 236445
700 0# - ENTRADA AGREGADA--NOMBRE PERSONAL
Nombre de persona Navascués Palacio, Pedro,
Fechas asociadas al nombre 1942-2022
9 (RLIN) 85218
830 ## - PUNTO DE ACCESO ADICIONAL DE SERIE-TÍTULO UNIFORME
Título uniforme Colección Arquia/temas ;
9 (RLIN) 236446
Designación de volumen o secuencia 41
852 ## - LOCALIZACIÓN
Ubicación ES-MaACL
Sublocalización o colección R.153398
Ubicación en estantería Depósito J
Número de control de estantería N-8642
Donativo/Legado Donación: Biblioteca Nacional de España
Designación de la unidad física t.III,v.1
itemnumber 202452
Nota libre En proceso
852 ## - LOCALIZACIÓN
Ubicación ES-MaACL
Sublocalización o colección R.153399
Ubicación en estantería Depósito J
Número de control de estantería N-8643
Donativo/Legado Donación: Biblioteca Nacional de España
Designación de la unidad física t.III,v.2
itemnumber 202451
Nota libre En proceso
901 ## - NOMBRE PERSONAL DE POSESOR
a MON1809
914 ## - NOMBRE ENTIDAD DE DONANTE
Nombre de congreso/reunión o jurisdicción como elemento de entrada Biblioteca Nacional de España
RLIN 234950
942 ## - ELEMENTOS DE ENTRADA SECUNDARIOS (KOHA)
Suprimir en OPAC No
Tipo de ítem Koha Libro impreso
Holdings
Estatus retirado Estado de pérdida Fuente del sistema de clasificación o colocación Estado de daño No para préstamo Biblioteca de origen Biblioteca actual Ubicación en estantería Fecha de adquisición Fuente de adquisición Enumeración/cronología de publicación seriada Total de préstamos Signatura topográfica completa Código de barras Visto por última vez Precio de reemplazo Tipo de ítem Koha
    Clasificación decimal universal     Biblioteca del Ateneo de Madrid Biblioteca del Ateneo de Madrid Depósito J 17/05/2024 Donación t.III,2   N-8643 101227651 17/05/2024 17/05/2024 Libro impreso
    Clasificación decimal universal     Biblioteca del Ateneo de Madrid Biblioteca del Ateneo de Madrid Depósito J 17/05/2024 Donación t.III,1   N-8642 101227652 17/05/2024 17/05/2024 Libro impreso